Nations in the 1988 Winter Olympics - Statistics

General Stats
  • This quiz has been taken 25 times
  • The average score is 45 of 57
Answer Stats
Hint Answer % Correct
Oceania Australia
100%
America Canada
100%
America Chile
100%
Asia China
100%
Asia Japan
100%
Oceania New Zealand
100%
America United States
100%
America Argentina
95%
Europe Austria
95%
Europe Belgium
95%
America Mexico
95%
Asia South Korea
95%
Asia Turkey
95%
Europe Andorra
89%
Europe Finland
89%
America Jamaica
89%
Europe Netherlands
89%
Europe Norway
89%
Europe Sweden
89%
Europe Bulgaria
84%
Europe East Germany
84%
Oceania Fiji
84%
Europe France
84%
Europe Great Britain
84%
Europe Greece
84%
Asia North Korea
84%
Europe Soviet Union
84%
Europe Spain
84%
Europe Switzerland
84%
Europe West Germany
84%
Europe Denmark
79%
Europe Hungary
79%
Europe Italy
79%
Europe Liechtenstein
79%
Europe Luxembourg
79%
Africa Morocco
79%
Europe Poland
79%
Europe Portugal
79%
Europe Romania
79%
Europe Yugoslavia
79%
America Bolivia
74%
Europe Czechoslovakia
74%
Europe Iceland
74%
Asia Mongolia
74%
Europe San Marino
74%
Asia India
68%
Asia Chinese Taipei
58%
America Costa Rica
58%
Europe Monaco
58%
America Guatemala
53%
America Virgin Islands
53%
Asia Philippines
47%
America Puerto Rico
47%
Asia Cyprus
42%
Asia Lebanon
42%
Oceania Guam
32%
America Netherlands Antilles
26%
No matching quizzes found
Score Distribution
Percent of People with Each Score
Percentile by Number Answered
Your Score History
You have not taken this quiz